• 首页
  • 本馆介绍
  • 公告通知
  • 最新文献
  • 馆藏检索
  • 电子资源
  • 读者导购
  • 参考咨询
  • 我的图书馆
  • 登录
  • 详细信息显示
  • 放入我的书架
  • 预约/预借图书
  • 作者相关作品
  • 分类相关作品
  • 丛书相关作品
  • 出版社相关作品

书目信息

  • 表格格式
  • 工作单格式
  • 卡片格式
题名:
国际战略形势与中国国家安全
    
 
作者: 綦大鹏 主编
分册: 2015-2016  
出版信息: 北京   东方出版社  2016
页数: 262页
开本: 24cm
丛书名:
单 册:
中图分类: D5 , D631
科图分类:
主题词: 国际形势--guo ji xing shi--分析--世界--2015-2016 , 战略形势--zhan lue xing shi--分析--世界--2015-2016 , 国家安全--guo jia an quan--研究--中国--2015-2016
电子资源:
ISBN: 978-7-5060-9022-3
000 01188nam0 22002891 450
001 1738583291
005 20170627164601.0
010    @a978-7-5060-9022-3@dCNY36.00
100    @a20161017d2016 em y0chiy50 ea
101 0  @achi
102    @aCN@b110000
105    @ay z 000yy
106    @ar
200 1  @a国际战略形势与中国国家安全@9guo ji zhan lue xing shi yu zhong guo guo jia an quan@h2015-2016@f綦大鹏主编
210    @a北京@c东方出版社@d2016
215    @a262页@d24cm
300    @a国防大学蓝皮书 丝路书香出版工程
312    @a封面英文共同题名:International strategic relations and China's national security
330    @a本书对2015-2016年度国际战略形势与中国国家安全各个重点领域的发展趋势进行分析,提出基于中国立场的结论性观点。本书内容涉及中美关系战略走向评估;俄美关系战略走向评估;日本战略走向评估;朝鲜半岛战略形势评估等。
606 0  @a国际形势@9guo ji xing shi@x分析@y世界@z2015-2016
606 0  @a战略形势@9zhan lue xing shi@x分析@y世界@z2015-2016
606 0  @a国家安全@9guo jia an quan@x研究@y中国@z2015-2016
690    @aD5@v5
690    @aD631@v5
701  0 @a綦大鹏@9qi da peng@4主编
801  0 @aCN@bTANGWEI@c20170620
905    @b1015303-8@dD5@e221@f6
    
    国际战略形势与中国国家安全.2015-2016/綦大鹏主编 .-北京:东方出版社,2016
    262页;24cm
    国防大学蓝皮书 丝路书香出版工程
    
    ISBN 978-7-5060-9022-3:CNY36.00
    本书对2015-2016年度国际战略形势与中国国家安全各个重点领域的发展趋势进行分析,提出基于中国立场的结论性观点。本书内容涉及中美关系战略走向评估;俄美关系战略走向评估;日本战略走向评估;朝鲜半岛战略形势评估等。
●
相关链接 在E读中查询图书 在五车中查询图书 在当当中查询图书 在豆瓣中查询图书


正题名:国际战略形势与中国国家安全     索取号:D5/221         预约/预借

序号 登录号 条形码 馆藏地/架位号 状态 备注
1 1015303   210153037   第一样本阅览室/ [索取号:D5/221] 在馆    
2 1015304   210153046   教育系资料室/ [索取号:D5/221] 在馆    
3 1015305   210153055   教育系资料室/ [索取号:D5/221] 在馆    
4 1015306   210153064   教育系资料室/ [索取号:D5/221] 在馆    
5 1015307   210153073   第一借阅区/ [索取号:D5/221] 在馆    
6 1015308   210153082   第一借阅区/ [索取号:D5/221] 在馆    
唐山师范学院图书馆 欢迎您!
大连网信软件有限公司© 版权所有